Rap Artists with the Most Grammy Nominations - Statistics

General Stats
  • This quiz has been taken 150 times
  • The average score is 9 of 22
Answer Stats
# of Nominations Answer % Correct
7 Kanye West
90%
11 Jay-Z
88%
7 Eminem
87%
3 Kendrick Lamar
76%
5 Drake
75%
2 2Pac
64%
2 Lil Wayne
54%
4 Nas
53%
2 Nicki Minaj
53%
2 Dr. Dre
51%
2 50 Cent
49%
2 Outkast
31%
3 Ludacris
24%
3 T.I.
19%
4 Missy Elliot
18%
3 Nelly
17%
2 LL Cool J
14%
4 Common
8%
4 Lupe Fiasco
5%
2 A Tribe Called Quest
3%
5 The Roots
2%
2 ScHoolboy Q
1%
No matching quizzes found
Score Distribution
Percent of People with Each Score
Percentile by Number Answered
Your Score History
You have not taken this quiz